[Event "28th WSCC Open 50 2018"]
[Site "Bled"]
[Date "2018.11.19"]
[Round "2"]
[White "Baimurzin, Aitkazy"]
[Black "Arakhamia-Grant, Ketevan"]
[Result "1/2-1/2"]
[WhiteElo "2154"]
[BlackElo "2373"]
[Annotator "TA"]
[PlyCount "100"]
[EventDate "2018.11.17"]
[EventType "swiss"]
[EventCountry "SLO"]
[SourceTitle "playchess.com"]
[Source "ChessBase"]
[SourceQuality "1"]

{[%evp 16,100,19,25,35,11,0,2,13,-13,30,31,25,0,0,0,0,-47,-22,-25,-14,-47,-48,-50,-54,-83,-28,-36,-47,-31,-48,-42,-18,-57,-45,-51,-61,-64,-1,-6,-2,-48,-56,-43,-56,-54,-15,-17,44,32,98,66,314,303,297,300,288,143,134,89,143,121,118,0,99,-8,54,-158,0,0,0,0,9,0,25,16,11,0,1432,1382,937,0,0,0,668,0,0]} 1. c4 e5 2. Nc3 Nc6 3. g3 g6 4. Bg2 Bg7 5. d3 f5 6. e3 Nf6 7. Nge2 O-O 8. b3 {A25: English Opening vs King's Indian with ...Nc6 but without early d3} (8. Rb1 a5 9. a3 Kh8 10. O-O Ne7 11. f4 d6 12. b3 c6 13. Qd2 Rb8 14. b4 axb4 15. axb4 b5 16. cxb5 cxb5 {½-½ (87) Jakovenko,D (2732)-Delchev,A (2619) Mulhouse 2011}) 8... d6 9. Bb2 {LiveBook: 37 Games} Nh5 10. Qd2 {White is slightly better.} f4 11. Bd5+ $146 ({Predecessor:} 11. exf4 exf4 {0-1 (26) Carrasco Coquillat,J (1840)-Perez Diez,V (1964) Madrid 2018}) 11... Kh8 12. O-O-O {[%cal Rg3f4]} Ne7 13. exf4 Nxd5 14. Nxd5 c6 15. Ndc3 exf4 $1 16. gxf4 d5 17. cxd5 cxd5 18. Nb5 Bg4 19. Bxg7+ Kxg7 20. Nbd4 {[#]} Nxf4 $1 {[%mdl 512]} 21. f3 (21. Nxf4 Qc7+) 21... Nxe2+ 22. Qxe2 Qf6 23. Qb2 $1 Bd7 (23... Bxf3 $2 24. Rhf1 $18) 24. Rhe1 Rae8 25. a4 Kg8 26. Kb1 Qh4 (26... Qd6 $15) 27. Rxe8 $11 Rxe8 28. Ka2 Qf4 29. Rd2 b6 30. Rc2 a6 31. Qc3 b5 (31... Qf6 $11) 32. a5 $14 h5 (32... Re3 $14) 33. Qc5 $1 $16 {[%cal Rc5d5]} Qf7 $2 ({Better is} 33... Kg7 $14) 34. Qb6 Qg7 35. Rc7 Rc8 {intending ...Rxc7.} 36. Rxc8+ (36. Ra7 $18) 36... Bxc8 37. Qd8+ Qf8 (37... Kh7 $142) 38. Qxd5+ Kh7 39. h4 (39. Qe5 $16) 39... Qe7 (39... Qf4 $11 {remains equal.}) 40. Qe4 (40. f4 $1 $16) 40... Qb4 (40... Qxe4 $1 $11 41. dxe4 (41. fxe4 Bg4 $19) 41... g5 42. hxg5 h4) 41. Nc6 $2 (41. Kb2 $1 $14 {stays ahead.}) 41... Qd2+ $2 (41... Qxe4 $1 $17 42. fxe4 (42. dxe4 $2 g5 $19) 42... g5 $1 {[%mdl 512]}) 42. Ka3 Bf5 ({Avoid the trap} 42... Qc1+ $2 43. Kb4 $18) 43. Qe7+ Kg8 $132 {[%mdl 2048] White must now prevent ...Qc1+. Black puts up resistance} 44. Qd8+ Kg7 {aiming for ...Qc1+.} 45. Qc7+ Kh6 46. Nd8 {Intending Nf7+ and mate.} Bxd3 $2 {[%mdl 8192]} (46... Bd7 $11 47. Nf7+ (47. Qxd7 Qxa5+ 48. Kb2 Qd2+ 49. Ka1 Qd1+ 50. Kb2 Qd2+ 51. Kb1 Qe1+ 52. Kc2 Qf2+ 53. Kc1 Qg1+ 54. Kb2 Qf2+ 55. Kc3 Qc5+ 56. Kd2 Qf2+ 57. Kd1 Qf1+ 58. Kd2 Qf2+ 59. Kc3 Qc5+ 60. Kd2 Qf2+ $11) 47... Kh7 48. Ng5+ (48. Qxd7 Qxa5+ 49. Kb2 Qd2+ 50. Kb1 Qd1+ {[%mdl 64] Double Attack} 51. Kb2 Qd2+ 52. Ka3 Qa5+ 53. Kb2 Qd2+ $11) 48... Kh6 49. Nf7+ (49. Qxd7 Qxa5+ 50. Kb2 Qd2+ 51. Kb1 Qd1+ {[%mdl 64] Double Attack} 52. Kb2 Qd2+ 53. Ka1 Qc1+ 54. Ka2 Qd2+ 55. Kb1 Qd1+ {[%mdl 64] Double Attack} 56. Kb2 Qd2+ $11) 49... Kh7 50. Qxd7 (50. Ng5+ Kh6 $11) 50... Qxa5+ 51. Kb2 Qd2+ 52. Kb1 Qd1+ {[%mdl 64] Double Attack} 53. Kb2 Qd2+ 54. Kb1 Qd1+ {[%mdl 64] Double Attack} 55. Kb2 Qd2+) 47. Nf7+ $18 Kg7 48. Ne5+ $2 ({White must play} 48. Ng5+ $18 Kf6 49. Qd6+ Kf5 50. Qf8+ Ke5 51. f4+ $1 {[%mdl 512]} Qxf4 52. Qe7+ Kd5 53. Qb7+ {[%mdl 64] Double Attack} Ke5 54. Qc7+ Kf5 55. Qd7+ Ke5 56. Qxd3) 48... Kh6 $11 49. Nf7+ $2 {[%mdl 8192]} (49. Nxd3 $11 Qxd3 50. Qe5) 49... Kg7 $1 $18 {( -> ...b4+)} 50. Ne5+ $2 (50. Ng5+ $18 Kf6 51. Qd6+ Kf5 52. Qf8+ Ke5 {[#]} 53. f4+ $1 {[%mdl 512]} Qxf4 54. Qb8+ Kf5 55. Qc8+ {[%mdl 64] Double Attack} Ke5 56. Qc7+ Kf5 57. Qd7+ Ke5 58. Qe7+ Kd5 59. Qb7+ {[%mdl 64] Double Attack} Ke5 60. Qc7+ Kf5 61. Qd7+ Ke5 62. Qxd3) 50... Kh6 {Accuracy: White = 30%, Black = 39%.} 1/2-1/2

[Event "28th WSCC Open 50 2018"]
[Site "Bled"]
[Date "2018.11.19"]
[Round "2"]
[White "Gayson, Peter M"]
[Black "Mencinger, Vojko"]
[Result "0-1"]
[WhiteElo "2141"]
[BlackElo "2358"]
[Annotator "TA"]
[PlyCount "74"]
[EventDate "2018.11.17"]
[EventType "swiss"]
[EventCountry "SLO"]
[SourceTitle "playchess.com"]
[Source "ChessBase"]
[SourceQuality "1"]

{[%evp 15,74,0,50,20,96,21,16,0,0,0,28,14,66,0,0,0,0,0,0,0,14,0,0,-39,0,-4,0,-54,30,25,46,0,81,37,65,-87,-90,-83,-86,-70,-72,-81,-85,-204,-156,-187,-188,-184,-175,-397,-315,-1402,-1370,-1302,-1226,-29995,-29996,-29996,-29997,-29997,-29998]} 1. e4 c5 2. Nf3 d6 3. d4 cxd4 4. Nxd4 Nf6 5. Nc3 a6 6. Bc4 e6 7. O-O b5 8. Bb3 Qb6 {LiveBook: 8 Games. B87: Sicilian Scheveningen/Najdorf: 6 Bc4, with early ...b5} (8... Be7 9. Qf3 Qb6 10. Be3 Qb7 11. Qg3 Nbd7 12. f3 b4 13. Na4 O-O 14. Rfd1 Rb8 15. Ne2 Ne5 16. a3 a5 17. axb4 axb4 18. Nb6 Qc7 19. Qf2 Nfd7 20. Ra7 Rb7 21. Nxc8 Rxc8 22. Rxb7 Qxb7 {0-1 (29) Ivanchuk,V (2726)-Artemiev,V (2691) Huaian 2017}) 9. Be3 Qb7 {[#]} (9... Qc7 $11) 10. f3 (10. f4 $1 $16) 10... Be7 $11 {The position is equal.} 11. Qd2 O-O 12. g4 $146 {[%cal Bg2g4,Bg4g5][%mdl 32]} ({Predecessor:} 12. a3 Re8 13. Rab1 Nbd7 14. g4 Nb6 15. Qg2 Nfd7 16. f4 Bf8 17. f5 Ne5 18. fxe6 fxe6 {½-½ (71) Moskvichev,V (2435)-Kraft,D (2466) ICCF email 2015}) 12... Nbd7 13. g5 Ne8 (13... b4 $11) 14. Nxe6 ({White should play} 14. a4 $14) 14... fxe6 15. Bxe6+ Kh8 16. Bd5 Qb8 17. Bxa8 Qxa8 18. Nd5 $36 {[%mdl 2048] White has good play.} Bd8 19. f4 {[%cal Bf3f4,Bf4f5][%mdl 32]} Bb7 {[%mdl 1024] Black has compensation.} 20. Rad1 Qc8 21. Qg2 (21. f5 $11) 21... Nc5 ({Black should try} 21... Nc7 $15) 22. f5 a5 23. Rf4 Kg8 (23... Nd7 $1 $11) 24. Rh4 h6 25. Rg4 $2 {[#]} (25. f6 $1 $14 hxg5 26. fxg7 (26. Bxg5 $2 Nxf6 27. Bxf6 Bxf6 $19) 26... Nxg7 27. Bxg5) 25... hxg5 $1 $17 26. Bxg5 Bxg5 27. Rxg5 Bxd5 28. Rxd5 Qc7 29. Rd4 (29. e5 $17 {was worth a try.} dxe5 30. Qe2) 29... Qe7 30. Rh5 Nf6 31. Rh4 Re8 {[%cal Rc5e4]} 32. Qg6 $2 (32. Qh3) 32... d5 33. Rxd5 $2 (33. e5 Qxe5 34. Qg3) 33... Ncxe4 $19 34. Rd4 {[#]} Ng5 $1 {[%mdl 512] ( -> ...Qe1+)} 35. Qxg5 Qe1+ {Black mates.} 36. Kg2 Re2+ 37. Kh3 Qf1+ {Precision: White = 19%, Black = 48%.} 0-1

[Event "28th WSCC Open 50 2018"]
[Site "Bled"]
[Date "2018.11.20"]
[Round "3"]
[White "Movsziszian, Karen"]
[Black "Porper, Edward"]
[Result "1/2-1/2"]
[WhiteElo "2513"]
[BlackElo "2377"]
[Annotator "TA"]
[PlyCount "46"]
[EventDate "2018.11.17"]
[EventType "swiss"]
[EventCountry "SLO"]
[SourceTitle "playchess.com"]
[Source "ChessBase"]
[SourceQuality "1"]

{[%evp 16,46,38,24,27,41,52,17,59,2,35,18,48,42,45,43,38,42,61,15,25,-20,-8,-8,-4,-12,-6,-12,-15,-12,-9,-17,-5]} 1. g3 d5 2. Nf3 c6 3. Bg2 Nf6 4. O-O Bg4 5. b3 Nbd7 6. Bb2 e6 7. d3 Bc5 8. Nbd2 Qe7 {A07: Réti Opening: New York and Capablanca Systems} (8... O-O 9. a3 a5 10. e4 b5 11. Qe1 Ne8 12. h3 Bh5 13. Kh1 Nc7 14. c4 dxc4 15. d4 Be7 16. bxc4 b4 {1-0 (53) Sasikiran,K (2670)-Anand,V (2755) Hyderabad 2002}) 9. a3 {LiveBook: 16 Games} e5 10. e4 O-O $146 {White is slightly better.} ({Predecessor:} 10... dxe4 11. dxe4 O-O 12. h3 Bxf3 13. Qxf3 a5 14. Nc4 Rfe8 15. Rfd1 b5 16. Ne3 {½-½ (31) Espig,L (2470)-Vera Gonzalez Quevedo,R (2470) Holguin 1989}) 11. b4 Bb6 12. c4 (12. exd5 $14 cxd5 13. h3 Bxf3 14. Nxf3) 12... dxe4 (12... d4 {seems wilder.} 13. h3 Bxf3 14. Nxf3 a5 15. c5 Bc7) 13. dxe4 Bd4 14. Bxd4 exd4 15. h3 Bxf3 $1 16. Nxf3 c5 17. bxc5 Nxc5 {[%cal Bd7c5,Bc5e4,Be4d2][%mdl 32]} 18. Nxd4 Rfd8 {The position is equal.} 19. Nf5 Qe5 20. Qc2 {Threatens to win with f4.} Nfxe4 {[#] White must now prevent ...Rd2.} 21. Bxe4 Qxe4 22. Qxe4 Nxe4 23. Rfe1 Nd2 {Accuracy: White = 48%, Black = 33%.} 1/2-1/2

[Event "28th WSCC Open 50 2018"]
[Site "Bled"]
[Date "2018.11.20"]
[Round "3"]
[White "Danielsen, Henrik"]
[Black "Cummings, David H."]
[Result "1-0"]
[WhiteElo "2504"]
[BlackElo "2331"]
[Annotator "TA"]
[PlyCount "139"]
[EventDate "2018.11.17"]
[EventType "swiss"]
[EventCountry "SLO"]
[SourceTitle "playchess.com"]
[Source "ChessBase"]
[SourceQuality "1"]

{[%evp 15,139,0,13,14,31,24,48,70,58,7,21,0,84,79,69,69,91,95,87,87,78,72,68,73,77,65,82,80,77,62,135,45,56,57,62,69,69,63,68,70,72,73,79,77,88,69,94,81,81,77,81,75,72,77,73,64,74,58,80,70,68,49,82,75,76,76,100,100,105,105,103,99,90,109,97,65,66,64,66,61,47,77,68,66,68,67,128,81,81,81,91,81,81,81,219,239,253,235,249,271,311,349,314,0,122,138,146,140,127,120,151,20,20,20,1003,887,1096,1063,29977,29978,29978,29979,29979,29979,29979,29980]} 1. e4 e5 2. Nf3 Nc6 3. g3 Nf6 4. d3 d5 5. exd5 Nxd5 6. Bg2 Be7 7. O-O {C44: Ponziani Opening and Scotch Gambit} O-O 8. Re1 f6 {LiveBook: 3 Games} (8... Bf6 9. Nbd2 Re8 10. a3 a5 11. Ne4 Be7 12. Nc3 Nxc3 13. bxc3 Be6 14. Rb1 Rb8 {½-½ (36) Zvjaginsev,V (2643)-Gagare,S (2490) St Petersburg 2018}) 9. d4 {[%cal Rd4e5] The position is equal.} exd4 10. Nxd4 Nxd4 11. Qxd4 Nb6 12. Qxd8 ({White should try} 12. Qe4 $14 Re8 13. a4) 12... Rxd8 $11 13. Nc3 $146 ({Predecessor:} 13. a4 Kf8 14. Nc3 c6 15. a5 Nc4 16. a6 bxa6 17. Bxc6 Rb8 18. Bg2 Bb7 19. Bf4 Bd6 {½-½ (19) Grefe,J (2409)-Bhat,V (2388) San Francisco 1999}) 13... Kf7 (13... Bb4 $11) 14. a4 $1 $16 c6 15. a5 $1 $36 {[%cal Ra5b6][%mdl 2048] White has some pressure.} Nc4 {[#]} 16. a6 $1 {[%mdl 512]} Nd6 (16... bxa6 17. Bxc6) 17. axb7 Bxb7 18. Ne4 Nxe4 19. Bxe4 Bc5 20. h4 (20. Bxh7 g6 $11) 20... g6 21. Bh6 Bb6 22. c3 Rac8 (22... a5 $14) 23. b4 ({White should play} 23. Bf3 $16) 23... Rc7 24. Be3 Bxe3 25. Rxe3 Bc8 26. Ra5 Be6 27. Rc5 Bd5 28. Rd3 Rcd7 29. Rd4 f5 30. Bg2 Ke6 31. f3 {aiming for c4.} Ke7 32. Kf2 Rd6 33. Rd2 R8d7 34. Re2+ Kd8 35. Bf1 Kc7 36. Re8 Re6 37. Rxe6 Bxe6 {[%mdl 4096] Endgame KRB-KRB} 38. Ke3 Kd6 39. Kf4 Bd5 40. Ra5 Re7 41. c4 {[%cal Bc3c4,Bc4c5][%mdl 32]} Bf7 42. c5+ Kd5 43. Ra3 $1 {[%cal Ra3d3]} Rb7 44. Rd3+ Ke6 45. Rd4 Ke7 $1 46. Ba6 Rb8 47. Ke5 Bd5 $1 48. f4 Re8 49. Rd3 Kd7+ 50. Kf6 {And now Rxd5+! would win.} Kc7 (50... Re6+ $14 51. Kg5 Ke7) 51. Kg7 Re7+ 52. Kh6 Kb8 53. Rd2 Re3 54. Re2 Ra3 (54... Rxg3 $16 55. Re8+ Kc7) 55. Re8+ $18 Kc7 56. Re7+ Kd8 57. Rxa7 Bc4 58. Ra8+ $1 ({Weaker is} 58. Kxh7 Bxa6 59. Kg7 (59. Kxg6 Rxg3+ 60. Kf6 Be2 $11) 59... Kc8 $11) 58... Kc7 59. Rc8+ $2 (59. Bxc4 $18 {and the rest is easy.} Rxa8 60. Kxh7) 59... Kd7 $16 60. Bb7 Bb5 {[#]} 61. Rh8 $1 {[%cal Rh8h7]} ({Don't take} 61. Kxh7 $6 Rxg3 62. Kg7 Rg4 $14) 61... Rxg3 62. Rxh7+ Kd8 {[#]} 63. Rg7 (63. Rh8+ $1 $16 Kc7 64. Bc8) 63... Rg4 $11 64. Rxg6 {Threatens to win with h5.} Rxh4+ $2 {[%mdl 8192]} (64... Kc7 $11) 65. Kg5 $18 Rg4+ 66. Kxf5 Rxg6 67. Kxg6 {White mates.} Kc7 68. Ba8 Kd7 69. Kf6 Bd3 70. f5 {Precision: White = 64%, Black = 47%.} 1-0

[Event "28th WSCC Open 50 2018"]
[Site "Bled"]
[Date "2018.11.20"]
[Round "3"]
[White "Soffer, Ram"]
[Black "Namyslo, Holger"]
[Result "1-0"]
[WhiteElo "2472"]
[BlackElo "2254"]
[Annotator "TA"]
[PlyCount "63"]
[EventDate "2018.11.17"]
[EventType "swiss"]
[EventCountry "SLO"]
[SourceTitle "playchess.com"]
[Source "ChessBase"]
[SourceQuality "1"]

{[%evp 22,63,20,18,43,42,48,42,47,8,60,63,64,54,60,46,63,58,70,42,71,62,64,58,73,62,81,0,179,187,297,301,375,377,434,440,438,443,435,418,621,616,617,598]} 1. c4 e6 2. Nf3 d5 3. d4 Nf6 4. g3 Be7 5. Bg2 O-O 6. O-O dxc4 7. Ne5 Nc6 8. Nxc6 bxc6 9. Na3 Bxa3 10. bxa3 Nd5 11. Qa4 Nb6 12. Qa5 {LiveBook: 25 Games. E05: Open Catalan: 5 Nf3 Be7} Bb7 13. Rd1 {[%mdl 1024] White has compensation.} Qc8 14. Rb1 {White is slightly better.} Rd8 {[#]} 15. Bg5 $146 ({Predecessor:} 15. e4 Ba6 16. a4 c5 17. d5 exd5 18. exd5 Bb7 19. Qxc5 Nxa4 20. Qxc4 {½-½ (45) Howell,D (2685)-Speelman,J (2510) England 2017}) 15... Rd7 ({Black should try} 15... Rd5 $11 16. Bxd5 cxd5) 16. e4 $14 Qf8 17. h4 h6 18. Be3 Rdd8 19. Rdc1 Rdb8 20. Bd2 Qc8 21. a4 {[%cal Ba3a4,Ba4a5][%mdl 32]} Qd7 22. Bf4 Rc8 23. Be3 Rcb8 24. Bf4 (24. g4 $16) 24... Qe7 $2 {[#]} (24... Rc8 $1 $11 {and Black is okay.}) 25. Qc5 $1 $36 {[%cal Rc5e7][%mdl 2048] Black is under strong pressure.} Qd7 (25... Qxc5 {keeps fighting.} 26. dxc5 Nd7) 26. a5 Nc8 {If only Black now had time for ...Ba6....} 27. Rxc4 {[%cal Bc1c4,Bc4b4,Bb4b8][%mdl 32]} Nd6 28. Rcb4 Qd8 29. e5 Nb5 30. a4 Na3 (30... a6 $142 31. Be3 Qd7) 31. R1b3 Ba6 32. Rxb8 {Accuracy: White = 78%, Black = 38%.} 1-0

[Event "28th WSCC Open 50 2018"]
[Site "Bled"]
[Date "2018.11.20"]
[Round "3"]
[White "Vareille, Francois"]
[Black "Lopez Pereyra, Antonio"]
[Result "1-0"]
[WhiteElo "2432"]
[BlackElo "2066"]
[Annotator "TA"]
[PlyCount "41"]
[EventDate "2018.11.17"]
[EventType "swiss"]
[EventCountry "SLO"]
[SourceTitle "playchess.com"]
[Source "ChessBase"]
[SourceQuality "1"]

{[%evp 9,41,28,95,87,90,95,99,102,112,84,136,113,111,124,236,239,236,240,240,181,284,282,943,708,609,515,978,975,1795,1679,2292,1684,3023,2993]} 1. d4 f5 2. Nc3 d5 3. Bg5 g6 4. e3 Bg7 5. h4 {[%cal Bh2h4,Bh4h5][%mdl 32]} h6 (5... c6 $11) (5... c6 6. Nf3 Nd7 7. Bd3 Ngf6 8. h5 Qb6 9. Rb1 Ne4 10. Bf4 Rg8 11. O-O Bf6 12. hxg6 hxg6 13. Na4 Qd8 14. c4 {0-1 (36) Sunilduth Lyna,N (2536)-Caruana,F (2813) Douglas 2016}) 6. Bf4 $16 {A80: Dutch Defence: Unusual White second moves} c6 7. Qf3 {Qg3 is the strong threat.} Be6 8. Bd3 {White is better.} Nf6 9. Qg3 Bf7 {[#]} (9... Kf7 $142) 10. h5 $146 {[%cal Rh5g6][%mdl 512]} ({Predecessor:} 10. Nf3 Nh5 11. Qh2 Nd7 12. O-O-O Nxf4 13. Qxf4 e6 14. g4 {½-½ (40) Teplyi,I (2384)-Kristiansen,J (2412) Svendborg 2015}) 10... g5 (10... Nxh5 11. Rxh5) 11. Bxf5 {And now Bc7 would win.} gxf4 (11... Nbd7 $16) 12. Qxg7 $18 Rg8 13. Qxh6 fxe3 14. fxe3 Rxg2 (14... Nbd7 {keeps fighting.} 15. Nf3 e6) 15. Nf3 Ne4 $2 (15... Qd6 16. O-O-O Nbd7) 16. Bxe4 {White is clearly winning.} dxe4 17. Ne5 Bd5 (17... Qd6 $142 18. Qh7 Qe6) 18. O-O-O {Rhg1 would kill now.} Qa5 19. Rhg1 {White wants to mate with Qh8+.} Rf2 20. Rdf1 {White threatens Qh8+ and mate.} Rxf1+ 21. Rxf1 {Accuracy: White = 83%, Black = 23%.} 1-0

[Event "28th WSCC Open 50 2018"]
[Site "Bled"]
[Date "2018.11.20"]
[Round "3"]
[White "Kalegin, Evgenij"]
[Black "Matthews, Shane"]
[Result "1-0"]
[WhiteElo "2413"]
[BlackElo "2243"]
[Annotator "TA"]
[PlyCount "107"]
[EventDate "2018.11.17"]
[EventType "swiss"]
[EventCountry "SLO"]
[SourceTitle "playchess.com"]
[Source "ChessBase"]
[SourceQuality "1"]

{[%evp 15,107,36,50,25,29,-18,-11,-29,-33,-39,-24,-27,-43,-47,-21,-14,0,0,0,0,51,52,52,43,58,47,72,66,95,90,89,89,92,92,88,88,88,94,180,105,144,132,208,107,139,115,123,100,144,107,131,123,129,123,123,131,127,125,162,126,129,122,116,115,112,82,98,97,116,80,108,132,168,174,208,211,229,234,406,370,476,454,1196,1160,978,959,1470,516,29964,2274,29982,29981,29981,29982]} 1. e4 c5 2. Nf3 d6 3. Bb5+ Nd7 4. c3 a6 5. Ba4 Ngf6 6. Qe2 Qc7 7. O-O {B51: Sicilian: Moscow Variation (3 Bb5+) without 3...Bd7} c4 (7... e5 8. d4 b5 9. Bc2 cxd4 10. cxd4 Be7 11. Nc3 O-O 12. Bg5 h6 13. Bh4 Bb7 14. Rad1 Rac8 {1-0 (56) Carlsen,M (2835)-Topalov,V (2770) Wijk aan Zee 2012 CBM 147 [Ramirez Alvarez,Alejandro]}) 8. Bc2 e5 {LiveBook: 12 Games} 9. b3 {White is slightly better.} b5 10. bxc4 bxc4 11. Na3 Nb6 12. d4 $146 ({Predecessor:} 12. Rb1) 12... cxd3 $1 13. Qxd3 Be7 14. Rb1 O-O 15. Be3 Nfd7 16. Bb3 $36 {[%mdl 2048] White has some pressure.} Nc5 17. Bxc5 $1 dxc5 ({Better is} 17... Qxc5 $11 18. Nc4 Nxc4 19. Qxc4 Qa7) 18. Nc4 $14 Nxc4 19. Bxc4 Rd8 20. Qe2 Bg4 21. h3 Bxf3 22. Qxf3 Bf6 23. Qe2 a5 24. a4 Rab8 25. Rb5 Rxb5 26. axb5 Bg5 (26... Rd6 $16 27. Bd5 Rd7) 27. Bd5 (27. Qh5 $18 Bd2 28. Qf3) 27... Rb8 28. Rb1 Be7 (28... Bf6 $16 29. c4 Qb6) 29. Qa2 ({White should play} 29. Qh5 $18) 29... Bd6 30. Qa4 {[#] Threatens to win with b6!} Qb6 31. Qc4 Qc7 32. Ra1 Kf8 33. Qa4 {Strongly threatening c4.} Qb6 34. Qxa5 Qxb5 35. Qxb5 Rxb5 $16 {[%mdl 4096] Endgame KRB-KRB} 36. Ra7 Rb1+ 37. Kh2 Ke8 38. Bxf7+ Kd8 39. Bg8 Be7 40. c4 h6 41. Kg3 Rb2 42. Bf7 Rc2 43. h4 {[%cal Bh3h4,Bh4h5][%mdl 32]} Rc3+ 44. f3 Rc2 45. h5 Rb2 46. Bd5 Rc2 $2 (46... Bf6 47. Kh3 Rf2) 47. Kg4 $18 Rxg2+ 48. Kf5 Bf6 (48... Rb2 $142 49. Kxe5 Rb6) 49. Ke6 Rb2 50. Kd6 {Ra8+ would kill now.} Rb6+ 51. Kxc5 Rb3 (51... Rb8 $18 52. Kd6 Ke8) 52. Kd6 {Threatening mate with Ra8+.} Rb6+ {[#]} 53. Bc6 $1 Rb8 54. c5 {Precision: White = 69%, Black = 41%.} 1-0

[Event "28th WSCC Open 50 2018"]
[Site "Bled"]
[Date "2018.11.20"]
[Round "3"]
[White "Arakhamia-Grant, Ketevan"]
[Black "Dougherty, Michael"]
[Result "1-0"]
[WhiteElo "2373"]
[BlackElo "2155"]
[Annotator "TA"]
[PlyCount "65"]
[EventDate "2018.11.17"]
[EventType "swiss"]
[EventCountry "SLO"]
[SourceTitle "playchess.com"]
[Source "ChessBase"]
[SourceQuality "1"]

{[%evp 24,65,32,11,11,11,88,68,57,58,48,50,64,63,66,61,277,258,291,315,322,269,289,287,920,372,466,458,644,597,882,896,1068,1000,29986,29987,29987,1284,2353,1265,1244,1204,1177,1153]} 1. e4 e6 2. d4 d5 3. Nc3 Bb4 4. e5 Ne7 5. a3 Bxc3+ 6. bxc3 b6 7. Qg4 Ng6 8. h4 h5 9. Qg3 Ba6 10. Bxa6 Nxa6 11. Bg5 {C16: French: 3 Nc3 Bb4 4 e5: Lines without ...c5} (11. Ne2 Qd7 12. a4 c5 13. O-O Rc8 14. Qd3 Nb8 15. Bg5 Nc6 16. Ng3 Nge7 17. Rfd1 cxd4 18. cxd4 Nf5 19. Nxf5 exf5 {1-0 (68) Hou,Y (2635)-Kramnik,V (2810) Medias 2016}) 11... Qd7 12. a4 {[%cal Ba3a4,Ba4a5][%mdl 32]} c5 13. Ne2 {LiveBook: 3 Games. White is slightly better.} cxd4 14. cxd4 Rc8 $146 (14... Nb4 $11 15. Qb3 Nc6) ({Predecessor:} 14... Nb4 15. Qb3 Nc6 16. O-O Rc8 17. Qf3 Na5 18. Ng3 Rc4 {0-1 (28) Jarmula,L (2321)-Suarez Gomez,J (2427) Porto Carras 2015}) 15. c3 $16 Rc4 16. a5 b5 $1 17. O-O Nb8 18. a6 O-O 19. Qf3 f6 $2 {[#]} (19... b4 $14) 20. exf6 $18 gxf6 21. Bh6 (21. Bxf6 Qf7 $14) ({Much less strong is} 21. Qxh5 $6 Qh7 $18) 21... Rfc8 22. Qxf6 Qf7 23. Qg5 e5 $2 (23... Nd7 24. Rfb1 (24. Qxh5 Nf6 $18) 24... b4 25. Rxb4 Rxb4) 24. Qxh5 (24. f4 $142 e4 25. f5) 24... exd4 25. Nxd4 b4 (25... Nc6 $142 26. Nf5 (26. Nxb5 Rxh4 27. Qg5 Kh7 $18) 26... Nce7) 26. Nf5 R8c6 27. Bg7 Qe8 28. Bd4 bxc3 29. Nh6+ {[%mdl 64] [#] Discovered Attack} Kh7 30. Ng4+ (30. Rfe1 $142 Qe4 31. Nf7+ Kg8 32. Rxe4 dxe4 33. Ng5 Kf8 34. Qh7 Rc7 35. Qh6+ Ke7 36. Qg7+ Kd8 37. Qg8+ Nf8 38. Qxf8+ Kd7 39. Qf7+ Kc6 40. Qxc4+ {[%mdl 64] Double Attack} Kd7 41. Qe6+ {[%mdl 64] Double Attack} Kd8 42. Bf6+ Re7 43. Qxe7+ {[%mdl 64] Double Attack} Kc8 44. Qd8#) 30... Kg8 {White is clearly winning.} 31. Qxd5+ Qe6 32. Qd8+ {[%mdl 64] Double Attack} Nf8 33. Ra5 {Accuracy: White = 51%, Black = 42%.} 1-0